[Event "Sozina Open"]
[Site "Bar SCG"]
[Date "2006.03.21"]
[Round "4"]
[White "Brajovic,R"]
[Black "Mehmeti,D"]
[Result "0-1"]
[WhiteElo "2274"]
[BlackElo "2378"]

1.e4 c5 2.Nf3 d6 3.Bb5+ Bd7 4.Bxd7+ Qxd7 5.O-O Nc6 6.c3 Nf6 7.Re1 g6 8.d4 Bg7
9.h3 O-O 10.d5 Ne5 11.Nxe5 dxe5 12.c4 Ne8 13.Nc3 Nd6 14.Qd3 f5 15.Be3 b6
16.f3 f4 17.Bf2 h5 18.a3 Rac8 19.Rec1 g5 20.Ne2 g4 21.hxg4 hxg4 22.fxg4 Qxg4
23.Qf3 Qg6 24.Nc3 Nxc4 25.b4 cxb4 26.axb4 Nd2 27.Qh3 Nb3 28.d6 Nxc1 29.dxe7 Rxc3
30.exf8=Q+ Bxf8 31.Qd7 Ne2+ 32.Kf1 Ng3+  0-1

[Event "Trophee Universitaire"]
[Site "La Roche-sur-Yon FRA"]
[Date "2006.03.21"]
[Round "6"]
[White "Maze,S"]
[Black "Charbonneau,P"]
[Result "1/2-1/2"]
[WhiteElo "2518"]
[BlackElo "2496"]

1.e4 c5 2.Nf3 d6 3.Bb5+ Bd7 4.Bxd7+ Qxd7 5.O-O Nf6 6.Re1 Nc6 7.c3 e6 8.d4 cxd4
9.cxd4 d5 10.e5 Ne4 11.Nbd2 Nxd2 12.Bxd2 Be7 13.Rc1 O-O 14.Rc3 Rac8 15.a3 f6
16.exf6 Bxf6 17.Bg5 h6 18.Bxf6 Rxf6 19.b4 a6 20.Rce3 Rcf8 21.Qe2 Qf7 22.Qd3 Qd7
23.h3 Qd6 24.Qc3 Qd7 25.R1e2 Qf7 26.Qe1 Qh5 27.Qc3 Qg6 28.Kh2 Qf7 29.a4 Qc7+
30.Kg1 Qd6 31.b5 axb5 32.axb5 Ne7 33.Qc5 Nf5 34.Rc3 Qd8 35.Qc7 Nd6 36.b6 Nb5
37.Qxd8 Rxd8 38.Rc5 Nd6 39.Rc7 Kh7 40.Ne5 Rf4 41.Nd3 Rxd4 42.Nc5 Rb4 43.Nxe6 Rg8
44.Rd7 Rxb6 45.Nf4 Ne4 46.Nxd5 Rd6 47.Nf6+ Rxf6 48.Rxe4 b6 49.Rb7 h5 50.Ree7 Kh6
51.h4 g5  1/2-1/2

[Event "TCh-AUT 2005-6"]
[Site "Austria AUT"]
[Date "2006.03.23"]
[Round "8"]
[White "Baklan,V"]
[Black "Kilgus,G"]
[Result "1-0"]
[WhiteElo "2601"]
[BlackElo "2339"]

1.e4 c5 2.Nf3 d6 3.Bb5+ Nd7 4.O-O Nf6 5.d4 a6 6.Bxd7+ Nxd7 7.Bg5 h6 8.Bh4 g5
9.Bg3 Bg7 10.c3 O-O 11.Nbd2 b5 12.Qe2 Qb6 13.dxc5 dxc5 14.Rfd1 Qe6 15.h4 g4
16.Ne1 c4 17.Nc2 Nc5 18.Nd4 Qg6 19.Qe3 Nd3 20.b3 e5 21.Nc2 cxb3 22.axb3 Nf4
23.Rac1 Qh5 24.Bxf4 exf4 25.Qxf4 Be5 26.Qe3 Qxh4 27.Nf1 f5 28.exf5 Rxf5 29.Ng3 Bb7
30.Rd7 Bc6 31.Rg7+ Bxg7 32.Nxf5 Qf6 33.Ncd4 Re8 34.Qf4 Re4 35.Qd6 Ba8 36.Qd7 Bf8
37.Ng3 Rf4 38.Qc8 Bxg2 39.Kxg2 Rxf2+ 40.Kg1 Qf4 41.Ndf5 Qf3 42.Qe6+ Kh8 43.Qe5+ Kh7
44.Nh4 Qf4 45.Qxf4 Rxf4 46.Rd1 Rf7 47.Rd5 Rc7 48.Ne4 Bg7 49.Nf5 Bxc3 50.Rd6 a5
51.Rxh6+ Kg8 52.Rg6+ Kh7 53.Rb6 a4 54.Ng5+ Kh8 55.Rb8+  1-0

[Event "Sozina Open"]
[Site "Bar SCG"]
[Date "2006.03.24"]
[Round "7"]
[White "Popovic,ZoranM"]
[Black "Petrusic,G"]
[Result "0-1"]
[WhiteElo "2114"]
[BlackElo "2024"]

1.e4 c5 2.Nf3 d6 3.Bb5+ Bd7 4.Bxd7+ Nxd7 5.O-O Ngf6 6.Qe2 Qc7 7.c3 e5 8.d4 Be7
9.d5 O-O 10.c4 Rfb8 11.Nc3 a6 12.a4 b6 13.Ra3 Bf8 14.Ng5 g6 15.f4 exf4 16.Bxf4 Bg7
17.Qf3 Re8 18.g4 Ne5 19.Bxe5 Rxe5 20.Qh3 Rxg5 21.Kh1 Nxg4 22.Nd1 Be5 23.Qh4 Nxh2
24.Qxg5 Nxf1 25.Kg2 Ng3 26.Rxg3 Bxg3 27.Qxg3 Qe7 28.Nf2 Re8 29.Qb3 Qg5+ 30.Kf1 Rb8
31.Qc3 Qf4 32.Ke2 f5 33.b4 fxe4 34.b5 axb5 35.cxb5 Qf3+  0-1

[Event "ch-ARG s/f"]
[Site "Buenos Aires ARG"]
[Date "2006.03.24"]
[Round "4"]
[White "Rosito,J"]
[Black "Rebottaro,H"]
[Result "1-0"]
[WhiteElo "2416"]
[BlackElo "2274"]

1.e4 c5 2.Nf3 d6 3.Bb5+ Bd7 4.Bxd7+ Qxd7 5.c4 Nc6 6.Nc3 Nf6 7.d4 cxd4 8.Nxd4 g6
9.f3 Bg7 10.Nde2 O-O 11.O-O a6 12.a4 Ne5 13.b3 Qd8 14.Kh1 Re8 15.Bg5  1-0

[Event "VII Dos Hermanas Internet"]
[Site "ICC INT"]
[Date "2006.03.24"]
[Round "2.1"]
[White "Ni Hua"]
[Black "Movsesian,S"]
[Result "1-0"]
[WhiteElo "2614"]
[BlackElo "2632"]

1.e4 c5 2.Nf3 d6 3.Bb5+ Nc6 4.O-O Bd7 5.Re1 a6 6.Bxc6 Bxc6 7.d4 cxd4 8.Nxd4 e6
9.Nc3 Rc8 10.Nxc6 Rxc6 11.Be3 Nf6 12.Bd4 Be7 13.Qf3 O-O 14.Rad1 Qc7 15.a3 b5
16.Rd3 Rc8 17.Red1 Nd7 18.Qg3 Bf8 19.f4 Qb7 20.f5 a5 21.fxe6 fxe6 22.Qg4 Re8
23.Rh3 g6 24.Rf1 Ne5 25.Qd1 b4 26.axb4 axb4 27.Ne2 Bg7 28.Kh1 Rc4 29.b3 Rc7
30.c3 Qxe4 31.Rf4 Qd5 32.cxb4 Nc6 33.Nc3 Qg5 34.Be3 Qe7 35.Nb5 Rd7 36.Qc2 Ne5
37.Nd4 Rc7 38.Qd1 Rec8 39.b5 Rc3 40.Rf1 Rd3 41.Qe1 Rcc3 42.Rg3 Ng4 43.Nc6 Qh4
44.Bg1 e5 45.Qxc3 Rxc3 46.Rxc3 e4 47.g3 Qg5 48.h4 Qxb5 49.Ne7+ Kh8 50.Rc8+ Bf8
51.Rcxf8+ Kg7 52.R1f7+ Kh6 53.Ng8+ Kh5 54.Rxh7+ Nh6 55.Nf6+  1-0

[Event "7th Karpov"]
[Site "Poikovsky RUS"]
[Date "2006.03.25"]
[Round "7"]
[White "Zvjaginsev,V"]
[Black "Najer,E"]
[Result "1/2-1/2"]
[WhiteElo "2664"]
[BlackElo "2652"]

1.e4 c5 2.Nf3 d6 3.Bb5+ Bd7 4.Bxd7+ Qxd7 5.O-O Nc6 6.c3 Nf6 7.Re1 e6 8.d4 cxd4
9.cxd4 d5 10.e5 Ne4 11.Nbd2 Nxd2 12.Bxd2 Be7 13.Rc1 O-O 14.Rc3 f6 15.exf6 Rxf6
16.Rce3 Bd6 17.Qe2 Raf8 18.Bc3 Nd8 19.a3 Bf4 20.Rd3 Bd6 21.Bd2 h6 22.Re3 Nc6
23.Bc3 Re8 24.h3  1/2-1/2

[Event "2nd Bundesliga Mitte 2005-6"]
[Site "Austria AUT"]
[Date "2006.03.26"]
[Round "11"]
[White "Schachinger,M"]
[Black "Bachler,R"]
[Result "1/2-1/2"]
[WhiteElo "2242"]
[BlackElo "2235"]

1.e4 c5 2.Nf3 d6 3.Bb5+ Nd7 4.d4 cxd4 5.Qxd4 a6 6.Bc4 h6 7.Nc3 e6 8.Be3 Qc7
9.O-O-O Ngf6 10.h3 e5 11.Qd3 Nc5 12.Bxc5 Qxc5 13.Nd5 Nxd5 14.Qxd5 Qc7 15.Qd3 Be7
16.g4 Be6 17.Bd5 Qb6 18.Qb3 Qxb3 19.axb3 O-O-O 20.Rd3 g6 21.Kd2 Rdf8 22.Ke2 Bd7
23.Rhd1 Kb8 24.Rg1 Rh7 25.Nd2 h5 26.Rf3 hxg4 27.hxg4 Rh4 28.Rxf7 Rxf7 29.Bxf7 Rxg4
30.Rxg4 Bxg4+ 31.f3 Bh5 32.Nc4 Kc7 33.Ne3 Bg5 34.Nd5+ Kd8 35.b4 Kd7 36.c4 Bc1
37.b3 Bg5 38.c5 a5 39.bxa5 dxc5 40.Nb6+ Kc7 41.Nc4 Bf4 42.Na3 Kb8 43.Nb5 Bg5
44.Be6 Bd8 45.Bg4 Bxa5 46.Kd3 Be1 47.Kc4 Bf2 48.Kd5 Bd4 49.Nd6 Kc7 50.Nc4 Bxg4
51.fxg4 b5 52.Nxe5 Bxe5 53.Kxe5 Kc6 54.Kf6 Kd7 55.Kf7 Kd6 56.Kf6 Kd7 57.Kf7  1/2-1/2

[Event "TCh-BEL 2005-6"]
[Site "Belgium BEL"]
[Date "2006.03.26"]
[Round "11"]
[White "Van den Brande,W"]
[Black "Gulbas,C"]
[Result "0-1"]
[WhiteElo "2219"]
[BlackElo "2375"]

1.e4 c5 2.Nf3 d6 3.Bb5+ Bd7 4.Bxd7+ Qxd7 5.O-O Nc6 6.c3 d5 7.exd5 Qxd5 8.d4 Rd8
9.Qa4 e6 10.Be3 Nf6 11.Ne5 cxd4 12.Nxc6 bxc6 13.Bxd4 Bd6 14.Na3 O-O 15.h3 Nh5
16.Qc4 Qg5 17.Rfd1 Qf4 18.g3 Nxg3 19.Be3 Ne2+ 20.Kf1 Qf3 21.Nc2 Bf4 22.Nd4 Rxd4  0-1

[Event "TCh-CZE Extraliga 2005-6"]
[Site "Czech Rep CZE"]
[Date "2006.03.26"]
[Round "11"]
[White "Sosna,J"]
[Black "Walek,M"]
[Result "1-0"]
[WhiteElo "2414"]
[BlackElo "2374"]

1.e4 c5 2.Nf3 d6 3.Bb5+ Bd7 4.Bxd7+ Qxd7 5.O-O g6 6.c3 Bg7 7.d4 e6 8.dxc5 dxc5
9.Qe2 Ne7 10.Rd1 Qc7 11.Na3 a6 12.Nc4 O-O 13.a4 b6 14.Be3 Nbc6 15.a5 Nxa5
16.Nxa5 bxa5 17.Qc4 Rfc8 18.Rd2 Bf8 19.h4 Qb6 20.h5 Qb5 21.Qa2 Nc6 22.Rad1 Rab8
23.Bf4 Qb3 24.Qxb3 Rxb3 25.Ne5 Nxe5 26.Bxe5 Be7 27.Rd7 Kf8 28.hxg6 hxg6 29.R1d3 Ke8
30.Ra7 f6 31.Rdd7 fxe5 32.Rxe7+ Kf8 33.Rf7+ Kg8 34.Rg7+ Kf8 35.Rgf7+ Kg8
36.Rg7+ Kf8 37.Rh7 Kg8 38.Rag7+ Kf8 39.Rxg6 Rxb2 40.Rxe6 Kg8 41.Ra7 Rb3 42.Raxa6 Rxc3
43.Rxa5 Kf7 44.Rxe5 Rc1+ 45.Kh2 Rh8+ 46.Kg3 Rg8+ 47.Kf3 Rc3+ 48.Ke2 Rc2+
49.Ke3 Rxg2 50.Rf5+ Kg6 51.Ra6+ Kg7 52.Ra7+ Kg6 53.Raf7 Rc3+ 54.Ke2 Rc4 55.Kd3 Ra4
56.R5f6+ Kg5 57.f4+ Kg4 58.Rg7+ Kf3 59.Rxg2 Rd4+ 60.Kc3 Kxg2 61.e5 Kf3 62.e6 Re4
63.f5 Kf4 64.Rf7 Ke5 65.e7  1-0

[Event "SFch-NED"]
[Site "Hilversum NED"]
[Date "2006.03.26"]
[Round "3.4"]
[White "Rothuis,V"]
[Black "Smeets,J"]
[Result "0-1"]
[WhiteElo "2342"]
[BlackElo "2550"]

1.e4 c5 2.Nf3 d6 3.Bb5+ Bd7 4.Bxd7+ Qxd7 5.O-O Nf6 6.Re1 Nc6 7.c3 e6 8.d4 cxd4
9.cxd4 d5 10.e5 Ne4 11.Nbd2 Nxd2 12.Bxd2 Be7 13.Rc1 O-O 14.a3 Rac8 15.Rc3 Bd8
16.Rd3 Ba5 17.b4 Bb6 18.b5 Ne7 19.Bb4 Rc4 20.Ng5 h6 21.Nf3 Re8 22.Nh4 Nf5
23.Nxf5 exf5 24.h3 Qxb5 25.Rg3 Bxd4 26.Bd6 Qd7 27.Rd3 Bc3 28.Ree3 d4 29.Rg3 Qe6
30.Qh5 Kh7 31.Rgf3 g6 32.Qh4 g5 33.Qg3 f4 34.Qg4 Qxg4 35.hxg4 Kg7 36.g3 fxg3
37.Rf5 gxf2+ 38.Kxf2 Rd8 39.Rdf3 Rd7 40.e6 fxe6 41.Be5+ Kh7 42.Rf8 d3 43.Rh8+ Kg6
44.Rf6+ Kg7 45.Rfxh6+ Bxe5 46.R8h7+ Kg8 47.Rxd7 Bd4+ 48.Kf3 e5 49.Rxb7 e4+
50.Kxe4 d2 51.Re6 Bg7+ 52.Kd5 Rd4+  0-1

[Event "VIII Rector Cup"]
[Site "Kharkiv UKR"]
[Date "2006.03.28"]
[Round "1"]
[White "Ivanov,AA"]
[Black "Averjanov,A"]
[Result "0-1"]
[WhiteElo "2426"]
[BlackElo "2394"]

1.e4 c5 2.Nf3 d6 3.Bb5+ Bd7 4.Bxd7+ Qxd7 5.O-O Nc6 6.d4 cxd4 7.Nxd4 Nf6 8.Re1 g6
9.c4 Bg7 10.Nc3 O-O 11.Rb1 Rfc8 12.Nc2 a6 13.Bg5 Qd8 14.Nd5 e6 15.Nxf6+ Bxf6
16.Bxf6 Qxf6 17.Ne3 Ne5 18.b3 b5 19.cxb5 axb5 20.Qe2 Qf4 21.Nf1 b4 22.Red1 Rc6
23.Rb2 Rac8 24.Rbd2 h5 25.h3 h4 26.Qe3 g5 27.Qe2 Kg7 28.f3 Ng6 29.Ne3 Ne5
30.Nf1 Ng6 31.Qb5 g4 32.fxg4 Qxe4 33.Rd4 Qe5 34.Qxb4 d5 35.Re1 Qf6 36.Ne3 Rc1
37.Rdd1 Rxd1 38.Rxd1 Qe5 39.Qd4 Rc3 40.Kf2 f6 41.Rd2 Qg3+ 42.Ke2 Nf4+ 43.Kd1 Qxe3
44.Qxe3 Rxe3 45.Kc2 Kf7 46.a4 e5 47.a5 d4 48.Kb2 Nd3+ 49.Ka3 Nc5 50.Rb2 Ke6
51.Kb4 Nd3+  0-1

[Event "TCh-FRA Top 16 Gp A"]
[Site "Montpellier FRA"]
[Date "2006.03.31"]
[Round "5"]
[White "Maze,S"]
[Black "Domont,A"]
[Result "1-0"]
[WhiteElo "2518"]
[BlackElo "2410"]

1.e4 c5 2.Nf3 d6 3.Bb5+ Nd7 4.O-O a6 5.Bxd7+ Bxd7 6.d4 cxd4 7.Qxd4 Bg4 8.Qc3 Nf6
9.Bg5 Nd7 10.h3 Bh5 11.Nd4 h6 12.Bh4 g5 13.Bg3 Bg7 14.Nd2 Ne5 15.Qe3 Qb6
16.c3 Nc6 17.Nc4 Qc5 18.Nf5 Qxe3 19.Ncxe3 Bf8 20.f3 O-O-O 21.Rfd1 f6 22.c4 Ne5
23.Nd5 e6 24.Nxf6 Bxf3 25.gxf3 exf5 26.exf5 Nxf3+ 27.Kf2 Nh4 28.Bxh4 gxh4
29.Rg1 Be7 30.Nd5 Bg5 31.Kf3 Rde8 32.Rae1 Kd7 33.Kg4  1-0

[Event "TCh-FRA Top 16 Gp A"]
[Site "Montpellier FRA"]
[Date "2006.03.31"]
[Round "5"]
[White "Abergel,T"]
[Black "Wojtaszek,R"]
[Result "0-1"]
[WhiteElo "2426"]
[BlackElo "2605"]

1.e4 c5 2.Nf3 d6 3.Bb5+ Nd7 4.d4 a6 5.Be2 cxd4 6.Nxd4 Ngf6 7.Nd2 e6 8.O-O Qc7
9.c3 b6 10.f4 Bb7 11.Bf3 Be7 12.Qe2 O-O 13.Re1 Rfe8 14.e5 Nd5 15.Nf1 Bf8
16.Ng3 g6 17.c4 dxe5 18.fxe5 Bc5 19.cxd5 Bxd4+ 20.Be3 Bxe3+ 21.Qxe3 exd5
22.Rac1 Qxe5 23.Qd2 Qd6 24.Ne4 Qf8 25.Nc3 Nf6 26.Rxe8 Rxe8 27.Na4 Ne4 28.Qd4 b5
29.Nc5 Nxc5 30.Rxc5 Re1+ 31.Kf2 Qe7 32.Rc2 Re6 33.b3 h5 34.g3 Bc6 35.h4 Qf6
36.Qa7 Qf5 37.Rc3 Kh7 38.Qd4 Qb1 39.Qd2 Rf6 40.Kg2 Bd7 41.Kh2 Qf1 42.Bg2 Rf2
43.Qxd5 Be6 44.Qe4 Rxa2 45.Rc5 Qd1 46.b4 Rb2 47.Re5 Qg4 48.Qd3 Qh3+  0-1

[Event "FSIM April"]
[Site "Budapest HUN"]
[Date "2006.04.02"]
[Round "2"]
[White "Arngrimsson,D"]
[Black "Arjun,V"]
[Result "1-0"]
[WhiteElo "2298"]
[BlackElo "2205"]

1.e4 c5 2.Nf3 d6 3.Bb5+ Bd7 4.Bxd7+ Qxd7 5.O-O Nc6 6.c3 Nf6 7.Qc2 e6 8.d4 cxd4
9.cxd4 d5 10.e5 Ne4 11.Be3 Be7 12.Ne1 h6 13.f3 Ng5 14.Nc3 O-O 15.Nd3 f6 16.exf6 Bxf6
17.Nc5 Qe7 18.Nb3 Nf7 19.Rfe1 Nd6 20.Rad1 Nf5 21.Bf2 Rae8 22.Qd3 Qd7 23.a3 b6
24.Re2 Re7 25.Rde1 Rfe8 26.f4 Nd6 27.g4 Rf7 28.h4 Bd8 29.Bg3 Bc7 30.Nd2 h5
31.Nf3 hxg4 32.Ng5 Nf5 33.Nxe6 Nxg3 34.Qxg3 Rfe7 35.Nxc7 Rxe2 36.Rxe2 Rxe2
37.Nxe2 Qxc7 38.Qxg4 Nd8 39.Kf2 Nf7 40.Qe6 Qd6 41.Qe8+ Qf8 42.Qc6 Qe7 43.Ng3 Kh7
44.Qxd5 Nd6 45.Kf3 b5 46.Ne4 Nc4 47.b3 Nxa3 48.Ng5+ Kh6 49.Qg8 Kg6 50.h5+ Kf6
51.Ne4+  1-0

[Event "VIII Rector Cup"]
[Site "Kharkiv UKR"]
[Date "2006.04.02"]
[Round "8"]
[White "Ivanov,AA"]
[Black "Koepke,C"]
[Result "1-0"]
[WhiteElo "2426"]
[BlackElo "2274"]

1.e4 c5 2.Nf3 d6 3.Bb5+ Bd7 4.Bxd7+ Qxd7 5.O-O Nf6 6.Re1 Nc6 7.c4 g6 8.Nc3 Bg7
9.d4 cxd4 10.Nxd4 O-O 11.Rb1 Rfc8 12.Nc2 a6 13.Bg5 Qd8 14.Nd5 e6 15.Nxf6+ Bxf6
16.Bxf6 Qxf6 17.Ne3 Ne5 18.Qe2 b5 19.cxb5 axb5 20.b3 b4 21.Red1 Qf4 22.Nf1 Rc6
23.Rb2 g5 24.h3 Kg7 25.Ng3 Kh8 26.Rbd2 Ra5 27.Nh5 Qh4 28.Rxd6 Rxd6 29.Rxd6 g4
30.Nf4 Qg5 31.g3 gxh3 32.Nxh3 Qf6 33.Kg2 Ra8 34.f4 Ng6 35.Kh2 Qa1 36.Rd2 Rc8
37.Rd1 Qf6 38.Qd2 Qc3 39.Ng5 Qxd2+ 40.Rxd2 Rc7 41.e5 h6 42.Ne4 Kg7 43.Nf6 Ra7
44.Kg2 Ne7 45.Kf3 Nf5 46.g4 Ne7 47.Ke4 Kg6 48.f5+ Kg7 49.Rd7 Rxd7 50.Nxd7 Nd5
51.Kd4 Nc7 52.Nf6 Nb5+ 53.Kc4 Nc3 54.a4 Nd1 55.a5  1-0

[Event "VIII Rector Cup"]
[Site "Kharkiv UKR"]
[Date "2006.04.04"]
[Round "10"]
[White "Ivanov,AA"]
[Black "Kovchan,A"]
[Result "1/2-1/2"]
[WhiteElo "2426"]
[BlackElo "2513"]

1.e4 c5 2.Nf3 d6 3.Bb5+ Nc6 4.c4 Bd7 5.Nc3 Nf6 6.d4 cxd4 7.Nxd4 g6 8.O-O Bg7
9.Nde2 O-O 10.h3 Rc8  1/2-1/2

[Event "7th ch-Euro"]
[Site "Kusadasi TUR"]
[Date "2006.04.05"]
[Round "2"]
[White "Vuilleumier,A"]
[Black "Sedlak,N"]
[Result "0-1"]
[WhiteElo "2354"]
[BlackElo "2518"]

1.e4 c5 2.Nf3 d6 3.Bb5+ Nd7 4.d4 Nf6 5.Nc3 a6 6.Bxd7+ Nxd7 7.O-O cxd4 8.Qxd4 e6
9.Bg5 Qc7 10.Rad1 f6 11.Bh4 Ne5 12.Nd2 g5 13.Bg3 Be7 14.Bxe5 dxe5 15.Qc4 Bd6
16.a4 Bd7 17.Qb3 Rc8 18.a5 Ke7 19.Rfe1 Bc5 20.Na4 Bd4 21.c3 Qxa5 22.cxd4 Qxa4
23.Qh3 Qxd4 24.Qh6 Rcg8 25.Qh3 Qb4 26.Re3 Bc6 27.Rb3 Qd4 28.Rd3 Qxb2 29.Nc4 Qe2
30.Nb6 g4 31.Qh6 Qxe4 32.Rd7+ Bxd7 33.Rxd7+ Ke8 34.Qc1 Qc6 35.Qa3 Qxd7 36.Nxd7 Kxd7
37.Qa4+ Kc7 38.Qc4+ Kb8 39.Qxe6 Rg6 40.Qd6+ Ka8 41.Qd7 h5 42.Qf7 Rgh6 43.Qg7 e4
44.Kf1 f5 45.g3 h4 46.Ke2 hxg3 47.hxg3 Rh2 48.Qf7 Rc8 49.Qxf5 Rc2+ 50.Ke3 Rhxf2
51.Qxg4 Rf3+ 52.Kd4 Rd3+ 53.Ke5 e3 54.Qf3 e2 55.Qf8+ Ka7 56.Qf2+ Kb8 57.Ke4 Rd1  0-1

[Event "7th ch-Euro"]
[Site "Kusadasi TUR"]
[Date "2006.04.05"]
[Round "2"]
[White "Delchev,A"]
[Black "Svetushkin,D"]
[Result "0-1"]
[WhiteElo "2661"]
[BlackElo "2557"]

1.e4 c5 2.Nf3 d6 3.Bb5+ Bd7 4.Bxd7+ Qxd7 5.O-O Nf6 6.Qe2 Nc6 7.c3 e6 8.d4 cxd4
9.cxd4 d5 10.e5 Ne4 11.Be3 Be7 12.Ne1 f6 13.f3 Ng5 14.Nd3 O-O 15.Nd2 Nf7
16.f4 f5 17.Nf3 Rac8 18.Rfc1 b6 19.Bd2 Rc7 20.h3 Rfc8 21.g4 Nh6 22.Qg2 Qe8
23.g5 Nf7 24.g6 Nh8 25.gxh7+ Kxh7 26.Kh2 Qh5 27.Rg1 Ng6 28.Qg3 Rg8 29.Be1 Nd8
30.Rg2 Nf7 31.a4 a5 32.b3 Rgc8 33.Raa2 Qh6 34.Raf2 Bh4 35.Nxh4 Nxh4 36.Rg1 Rc2
37.Bd2 Ra2 38.Ne1 Nh8 39.Kh1 N8g6 40.Qd3 Qh5 41.Rgf1 Rb2 42.Be3 Rxf2 43.Rxf2 Ne7
44.Rf1 Nc6 45.Nc2 Nb4 46.Nxb4 axb4 47.Bd2 Rc2 48.Bxb4 Re2 49.Be7 Ng2 50.Qg3 Ne3
51.Rg1 Ng4 52.Rf1 Rh2+ 53.Qxh2 Nxh2 54.Kxh2 Qe2+ 55.Kg1 Qe3+ 56.Kg2 Qxb3
57.Bh4 Qxa4 58.Bf2 Qc2  0-1

[Event "FSIM April"]
[Site "Budapest HUN"]
[Date "2006.04.06"]
[Round "6"]
[White "Arngrimsson,D"]
[Black "Nguyen Huynh Minh H"]
[Result "1-0"]
[WhiteElo "2298"]
[BlackElo "2217"]

1.e4 c5 2.Nf3 d6 3.Bb5+ Bd7 4.Bxd7+ Qxd7 5.O-O Nc6 6.c3 Nf6 7.Qe2 e6 8.d4 cxd4
9.cxd4 d5 10.e5 Ne4 11.Be3 Be7 12.Ne1 f6 13.f3 Ng5 14.Nd2 O-O 15.Nd3 Nf7
16.f4 Nh6 17.Bf2 fxe5 18.dxe5 Qe8 19.Nb3 Qg6 20.Rac1 Rac8 21.Bc5 Qf7 22.Kh1 Nf5
23.g4 Nh6 24.h3 b6 25.Be3 Qg6 26.f5 exf5 27.Nf4 Qf7 28.e6 Qe8 29.Nxd5 fxg4
30.Bxh6 Qh5 31.Nxe7+ Nxe7 32.Rxc8 Rxc8 33.Bf4 Qxh3+ 34.Kg1 Rf8 35.Qg2 Qd3
36.Bg5 Rf3 37.Rxf3 gxf3 38.Qd2 f2+ 39.Kxf2 Qf5+ 40.Qf4 Qxe6 41.Nd4 Qd7 42.Bxe7 Qxe7
43.Nf5 Qf6 44.Kg3 h6 45.b3 Qc3+ 46.Kg4 Qf6 47.Kf3 Qc3+ 48.Ke4 Qc6+ 49.Ke5 Qc5+
50.Ke6 Qc8+ 51.Ke7 Qf8+ 52.Kd7 Kh7 53.Qe4 g6 54.Ne7 Qf6 55.Qd5 h5 56.Qg8+ Kh6
57.Qe8 Kg5 58.Nd5 Qd4 59.Qe7+ Kh6 60.Qd6 h4 61.b4 h3 62.Ke6 Qe4+ 63.Kd7 Qf5+
64.Kc7 Qc2+ 65.Kb8 Qf2 66.Nf6 Qg2 67.Qf4+ Qg5 68.Ng8+ Kh5 69.Nf6+ Kh6 70.Qd6 Qg2
71.a4 Kg7 72.Qe7+ Kh6 73.Qe5 g5 74.Qf5 Kg7 75.Ng4 Qg3+ 76.Ka8 Qf4 77.Qxf4 gxf4
78.Kxa7 Kg6 79.Kxb6 Kg5 80.Nf2 Kh4 81.a5 Kg3 82.Nh1+  1-0

[Event "7th ch-Euro"]
[Site "Kusadasi TUR"]
[Date "2006.04.06"]
[Round "3"]
[White "Galego,L"]
[Black "Belov,Vl"]
[Result "1/2-1/2"]
[WhiteElo "2538"]
[BlackElo "2608"]

1.e4 c5 2.Nf3 d6 3.Bb5+ Bd7 4.Bxd7+ Qxd7 5.O-O Nf6 6.Re1 Nc6 7.c3 e6 8.d4 cxd4
9.cxd4 d5 10.e5 Ne4 11.Nbd2 Nxd2 12.Bxd2 Be7 13.a3 O-O 14.Rc1 f6 15.exf6 Rxf6
16.Be3 h6  1/2-1/2

[Event "7th ch-Euro"]
[Site "Kusadasi TUR"]
[Date "2006.04.07"]
[Round "4"]
[White "Naiditsch,A"]
[Black "Petrosian,TL"]
[Result "1-0"]
[WhiteElo "2657"]
[BlackElo "2558"]

1.e4 c5 2.Nf3 d6 3.Bb5+ Nc6 4.d4 cxd4 5.Qxd4 Bd7 6.Bxc6 Bxc6 7.Nc3 Nf6 8.Bg5 e6
9.O-O-O Be7 10.Qd3 O-O 11.Nd4 Qa5 12.f4 Rac8 13.Kb1 Qa6 14.Qxa6 bxa6 15.Nxc6 Rxc6
16.e5 dxe5 17.fxe5 Nd5 18.Nxd5 Bxg5 19.Nb4 Rb6 20.c3 a5 21.Nd3 Rc8 22.Kc2 a4
23.Rhe1 Rbc6 24.a3 Rc4 25.Nf2 Rh4 26.h3 Rf4 27.Ne4 Rf5 28.Nxg5 Rxg5 29.Re2 h5
30.Rd4 Rc5 31.Rxa4 Rcxe5 32.Rxe5 Rxe5 33.Rxa7 Re2+ 34.Kb3 Rxg2 35.a4 Rg1
36.Ka2 g5 37.Rd7 g4 38.hxg4 h4 39.Rd3 Rxg4 40.b4 Rg3 41.Rd8+ Kh7 42.Kb3 e5
43.Rd1 e4 44.a5 f5 45.a6 Rg8 46.b5 Ra8 47.Ra1 e3 48.b6 e2 49.a7 f4 50.b7  1-0

[Event "FSGM April"]
[Site "Budapest HUN"]
[Date "2006.04.08"]
[Round "8"]
[White "Kristjansson,St"]
[Black "Pataki,G"]
[Result "1/2-1/2"]
[WhiteElo "2480"]
[BlackElo "2375"]

1.e4 c5 2.Nf3 d6 3.Bb5+ Nc6 4.c3 Nf6 5.Qe2 Bd7 6.d4 cxd4 7.cxd4 d5 8.e5 Ne4
9.O-O e6 10.Be3 a6 11.Bxc6 Bxc6 12.Ne1 f5 13.f3 Ng5 14.Nc3 Be7 15.Nd3 O-O
16.b4 b6 17.a4 a5 18.bxa5 Rxa5 19.Rfb1 Qc7 20.Qb2 Rb8 21.Bd2 Raa8 22.Nb4 Be8
23.Rc1 Qb7 24.Nb5 Rc8 25.Rxc8 Qxc8 26.Rc1 Qd7 27.Nc6 h6 28.Nxe7+ Qxe7 29.Nc7 Rxa4  1/2-1/2

[Event "7th ch-Euro w"]
[Site "Kusadasi TUR"]
[Date "2006.04.08"]
[Round "5"]
[White "Moser,E"]
[Black "Muhren,B"]
[Result "1/2-1/2"]
[WhiteElo "2374"]
[BlackElo "2241"]

1.e4 c5 2.Nf3 d6 3.Bb5+ Nc6 4.Bxc6+ bxc6 5.O-O Bg4 6.h3 Bh5 7.Re1 e5 8.d3 Be7
9.Na3 Nf6 10.Nc4 O-O 11.Bd2 Rb8 12.a3 Nd7 13.b4 Re8 14.Rb1 Qc7 15.Qe2 Bf8
16.Ne3 f6 17.c4 a6 18.Bc3 Rb7 19.Rb2 Reb8 20.Reb1 Be7 21.Qd1 Nf8 22.Nf5 Ne6
23.Ng3 Bf7 24.Ne2 Qc8  1/2-1/2

[Event "ch-VIE"]
[Site "Cao Lanh Dong Thap VIE"]
[Date "2006.04.09"]
[Round "9"]
[White "Tran Thanh Tu"]
[Black "Nguyen Anh Dung"]
[Result "0-1"]
[WhiteElo "2274"]
[BlackElo "2542"]

1.e4 c5 2.Nf3 d6 3.Bb5+ Nd7 4.c3 Nf6 5.Qe2 a6 6.Ba4 e5 7.O-O Be7 8.d4 O-O
9.Rd1 Qc7 10.Bg5 b5 11.Bc2 Rb8 12.h3 Re8 13.dxe5 dxe5 14.c4 h6 15.Bxf6 Nxf6
16.Nbd2 Nh5 17.cxb5 Nf4 18.Qf1 axb5 19.a4 Rb6 20.Kh2 Ba6 21.g3 bxa4 22.Nc4 Rxb2
23.Rxa4 Rxc2 24.Rxa6 Qc8 25.Ne3 Qxh3+ 26.Qxh3 Rxf2+ 27.Kh1 Nxh3 28.Rf1 Bg5
29.Nxg5 Rxf1+ 30.Nxf1 Nxg5 31.Kg2  0-1

[Event "7th ch-Euro"]
[Site "Kusadasi TUR"]
[Date "2006.04.09"]
[Round "6"]
[White "Erturan,Y"]
[Black "Brkic,A"]
[Result "1/2-1/2"]
[WhiteElo "2365"]
[BlackElo "2506"]

1.e4 c5 2.Nf3 d6 3.Bb5+ Nc6 4.O-O Bd7 5.c3 Nf6 6.Re1 a6 7.Ba4 c4 8.Bc2 Ne5
9.Nxe5 dxe5 10.b3 b5 11.Qe2 Rc8 12.d3 e6 13.dxc4 bxc4 14.Be3 Bb5 15.b4 Qc7
16.a4 Bd7 17.a5 Be7 18.Bb6 Qc6 19.Nd2 O-O 20.Red1 Be8 21.Nf3 Nd7 22.Ba4 Qb7
23.Bxd7 Bxd7 24.Nxe5 Bb5 25.Nf3 e5 26.Qe3 f6 27.Ne1 f5 28.Nf3 fxe4 29.Nd2 Rf4
30.Qe2 Rcf8 31.Be3 R4f5 32.Nf1 Kh8 33.Ng3 R5f7 34.Qh5 Bf6 35.Rd6 Bc6 36.Rad1 g6
37.Qe2 Be7 38.Qxc4 Bxd6 39.Rxd6 Rc8 40.Qc5 Qb5 41.Qxb5 Bxb5 42.Nxe4 Rc4 43.Rd8+ Kg7
44.Nd6 Rxc3 45.Nxf7 Kxf7 46.h3 Rd3 47.Rb8 Ke6 48.Kh2 Rd6 49.Kg3 Bf1 50.Rc8 h5
51.Rc1 Bd3 52.Kh4 Kf5 53.Rc8 Bf1 54.g4+ hxg4 55.hxg4+ Ke4 56.Kg5 Be2 57.Re8 Kd5
58.Rg8 Bd3 59.Kh6 Re6 60.Rb8 Be2 61.g5 Bd3 62.Kg7 Rd6 63.Bc5 Rc6 64.Rb7 Bf5
65.Rf7 Bd3 66.Kh6 Kc4 67.Rd7 Bf5 68.Rb7 Kd5 69.Be3 Bd3 70.Kg7 Rd6 71.Bc5 Rc6
72.Be7 Re6 73.Kf7 Rc6 74.Rd7+ Kc4 75.Bc5 Bf5 76.Ra7 Bd3 77.Ke7 Bf5 78.Rb7 Bd3
79.Kf7  1/2-1/2

[Event "7th ch-Euro"]
[Site "Kusadasi TUR"]
[Date "2006.04.09"]
[Round "6"]
[White "Steingrimsson,H"]
[Black "Bogner,S"]
[Result "1-0"]
[WhiteElo "2439"]
[BlackElo "2299"]

1.e4 c5 2.Nf3 d6 3.Bb5+ Bd7 4.Bxd7+ Qxd7 5.c4 Nf6 6.Nc3 g6 7.d4 cxd4 8.Nxd4 Bg7
9.f3 O-O 10.Nde2 a6 11.a4 e6 12.O-O Nc6 13.Bg5 Rac8 14.Kh1 Rfd8 15.a5 h6
16.Bh4 g5 17.Bf2 d5 18.Bb6 Re8 19.cxd5 exd5 20.exd5 Nb4 21.d6 Re6 22.Qb3 Nd3
23.Bc7 Ne8 24.Ne4 Nxc7 25.Qxd3 Nb5 26.N2g3 Bxb2 27.Rab1 Be5 28.Nf5 Kh8 29.Rfd1 Nc3
30.Nxc3 Rxc3 31.Qd5 Rc6 32.g3 Kh7 33.Qd3 Rc3 34.Qd5 Rc6 35.Rb6 Bc3 36.Qd3 Bxa5
37.Nd4+ Rg6 38.Nxc6 bxc6 39.Rxa6 Bb4 40.Qe4 c5 41.Rc6 Kg7 42.Rc7 Qd8 43.Qe7  1-0

[Event "7th ch-Euro w"]
[Site "Kusadasi TUR"]
[Date "2006.04.09"]
[Round "6"]
[White "Peptan,C"]
[Black "Zdebskaja,N"]
[Result "1-0"]
[WhiteElo "2407"]
[BlackElo "2326"]

1.e4 c5 2.Nf3 d6 3.Bb5+ Bd7 4.Bxd7+ Qxd7 5.c4 Nf6 6.Nc3 g6 7.d4 cxd4 8.Nxd4 Bg7
9.f3 O-O 10.Be3 Nc6 11.Nde2 a6 12.O-O Qc7 13.Qd2 Rab8 14.Rfc1 e6 15.Nd5 exd5
16.cxd5 Qa5 17.dxc6 Qxd2 18.Bxd2 bxc6 19.Rab1 Rfc8 20.Bc3 Ne8 21.Kf2 Kf8
22.Rc2 Ke7 23.Rd1 Bxc3 24.Nxc3 Nc7 25.Ke3 a5 26.Rdc1 Kd7 27.Na4 Na6 28.a3 Rb3+
29.Kf4 Rb5 30.Rd1 Ke6 31.Nc3 Rc5 32.Rd4 Rd8 33.b4 axb4 34.axb4 Re5 35.Na4 Rb5
36.Rxc6 Rxb4 37.Rxb4 Nxb4 38.Nc5+ Ke7 39.Rc7+ Ke8 40.Nb3 h6 41.Nd4 Rd7 42.Rc8+ Rd8
43.Rc3 Kd7 44.Nb5 Rb8 45.Nd4 Rc8 46.Ra3 Nc6 47.Ne2 Ke6 48.Nc3 Ne7 49.Nb5 Nc6
50.Rd3 Rd8 51.Nc7+ Kf6 52.Nd5+ Kg7 53.Rc3 Ne5 54.Rb3 Rc8 55.h4 Rc2 56.g4 Rd2
57.Nc7 Kf6 58.g5+ hxg5+ 59.hxg5+ Ke7 60.Nd5+ Kd7 61.Nf6+ Kc6 62.Rc3+ Kb5
63.Ke3 Rg2 64.Ne8 Rxg5 65.Nxd6+ Kb4 66.Rc7 f6 67.Nf7 Rh5 68.Nxe5 fxe5 69.Kf2 Rg5
70.Rc1 Rh5 71.Rg1 g5 72.Rc1 Rh7 73.Rc6 Rf7 74.Kg3 Rf4 75.Rg6 Kc5 76.Rxg5 Kd6
77.Rf5 Rxf5 78.exf5 Ke7 79.Kh4  1-0

[Event "7th ch-Euro w"]
[Site "Kusadasi TUR"]
[Date "2006.04.10"]
[Round "7"]
[White "Houska,Jo"]
[Black "Dworakowska,J"]
[Result "1/2-1/2"]
[WhiteElo "2355"]
[BlackElo "2370"]

1.e4 c5 2.Nf3 d6 3.Bb5+ Bd7 4.Bxd7+ Qxd7 5.c4 Nf6 6.Nc3 g6 7.d4 cxd4 8.Nxd4 Bg7
9.f3 O-O 10.O-O Rc8 11.b3 d5 12.exd5 Qxd5 13.cxd5  1/2-1/2